01549nam a2200373 a 4500001001000000003000500010005001700015008004100032010001100073011001100084040000900095090001000104100003900114245017200153260004100325500006000366502007100426590003700497590004000534590004000574650003200614650003600646650002800682650003500710650003600745856001600781856007000797901000700867942001000874942000600884999001900890952013100909952013501040000113480CHAP20220329144356.0170724s2016 mx sm |||||||spa d a109941 a110913 cCHAP aTesis1 aAlmaráz Mendoza, Erubiel913279410aConservación y uso sustentable de suelo y agua Santiago Tepetitlán San Martín de las Pirámides Estado de Méxicoh[En línea]cpor Erubiel Almáraz Mendoza. aChapingo, Méx. :bEl autor,c2016. aPara ver el contenido del material haga clic en la liga aTesis (Ing. en Irrigación) -- UACH. Departamento de Irrigación aBATCHb00c20181121lUCH01h0758 aE5765TAJb05c20170724lUCH01h0928 aE5765TAJb05c20170724lUCH01h092814aAguaxAlmacenamiento.9227914aIrrigaciónxProyectos.96044314aOlivoxCultivo.913279514aPresasxMéxico (Edo.)99149514aSuelosxConservación.9110283 a1 n0000217 aFinding aiduhttp://10.13.5.2/tesis/sist113480.pdfzTeclea aquí aBK cTESIS n0 c109941d109941 00104054718TESISaBCbBCd2017-07-24fTESISl0oTesisp113482-10r2019-12-31 00:00:00w2019-12-31yTESISzRecien adquirido 00102local4053708TESISaBCbBCcPA_TESISd2017-07-24fTESISl0oTesisp113482-20r2019-12-31 00:00:00tc.2w2019-12-31yTESIS